1839 1322 1431 1492 1606 1068 1363 1957 1067 1501 1873 1566 1560 1162 1883 1173 1582 1683 1970 1955 1202 1098 1687 1835 1279 1879 1597 1419 1545 1715 1465 1149 1384 1059 1006 1929 1036 1773 1082 1478 1944 1513 1801 1699 1513 1774 1302 1024 1756 1040 1098 1971 1997 1859 1351 1440 1694 1836 1886 1842 1948 1376 1538 1938 1485 1056 1948 1719 1770 1022 1915 1416 1417 1104 1786 1702 1560 1985 1479 1392 1901 1547 1475 1792 1843 1366 1278 1366 1033 1998 1416 1554 1778 1074 1461 1220 1917 1209 1032 BCNSPRNW ULIB Ver.6.0+V

เปลี่ยนเป็นภาษาไทย

Change to English
 แสดงรายละเอียดบรรณานุกรม
  กลับหน้าหลัก

Brief Record : Get Marc (ISO 2709) : E-mail record : QR code < ปิดหน้าต่าง
LEADER : 00000nam 2200000uu 4500
001    13399112428
003     ULIB
008    110815s2545||||th 000 0 tha d
020    9743261087
040    cl
050  4 HM13^bส652ก 2545
100 1  ลิคโคนา, โธมัส
245 10 การให้การศึกษาเพื่อสร้างอัตลักษณ์ =^bEducating for character : how our schools can teach respect and responsibility /^c[โดย] Thomas Lickona ; ผู้แปล, สวัสดิ์ ประทุมราช
246 31 Educating for character : how our schools can teach respect and responsibility
250    พิมพ์ครั้งที่ 1
260    กรุงเทพฯ :^bโครงการวิจัยแม่บท :การวิจัยและพัฒนาระบบพฤติกรรมไทย กองส่งเสริมการวิจัย สำนักงานคณะกรรมการวิจัยแห่งชาติ,^c2545
300    492 หน้า :^bภาพประกอบ ;^c27 ซม.
650  4 จริยศึกษา
650  4 นักเรียน^xการดำเนินชีวิต
650  4 อัตลักษณ์
700 0  สวัสดิ์ ประทุมราช,^eผู้แปล
710 2  สำนักงานคณะกรรมการวิจัยแห่งชาติ
945    ^p0^l0^i016580
995    ทศพร
999 ^a ทศพร
รายการนี้ยังไม่มีแท็ก
คุณยังไม่ได้ล็อกอิน คุณสามารถมีกิจกรรมร่วมกับเว็บไซต์ได้ แต่ต้องล็อกอินก่อน ::
  ล็อกอิน

รายการสื่อสารสนเทศ

ลำดับที่ ประเภท เลขเรียก/บาร์โค้ด สถานที่ สถานะ
- ไม่พบข้อมูล -

รายการใกล้เคียง
    หัวเรื่อง [จริยศึกษา]
    หัวเรื่อง [อัตลักษณ์]

BibComment


ยังไม่เคยถูกคอมเมนท์

คอมเมนท์ทรัพยากรรายการนี้
  คอมเมนท์: การให้การศึกษาเพื..


 Copyright 2026. Bcnsprnw @Library